| 000 | 01356nac a2200337 a 4500 | ||
|---|---|---|---|
| 003 | CO-PeBPM | ||
| 005 | 20260414093715.0 | ||
| 007 | ta | ||
| 008 | 260414s2022 ck a|||| |||| 00| 0 spa d | ||
| 040 |
_aCO-PeBPM _bspa _cCO-PeBPM _erda |
||
| 041 | _aspa | ||
| 082 | 0 | 4 |
_a303.609861 S211a _222 |
| 100 | 1 |
_aSánchez-Moreno, María McFarland _eautora |
|
| 245 | 1 | 0 |
_aAquí no ha habido muertos _b: Una historia de asesinato y negación en Colombia _c/ María McFarland Sánchez-Moreno; traducción de Álvaro Robledo |
| 250 | _aTercera edición | ||
| 264 |
_aBogotá, Colombia _b: Editorial Planeta Colombiana _c, 2022 |
||
| 300 |
_a405 páginas _bilustraciones en blanco y negro _c23 cm. |
||
| 336 |
_2rdacontent _atexto _btxt |
||
| 337 |
_2rdamedia _asin mediación _bn |
||
| 338 |
_2rdacarrier _avolumen _bnc |
||
| 500 | _aIncluye índice | ||
| 500 | _aContiene datos biográficos de la autora en la solapa del texto | ||
| 650 | 1 | 7 |
_aParamilitares - Atrocidades - 1996-2010 _2LEMB |
| 650 | 1 | 7 |
_aParamilitarismo - Colombia - 1996-2010 _2LEMB |
| 650 | 1 | 7 |
_aPaz - Colombia _2LEMB |
| 650 | 1 | 7 |
_aVíctimas de la violencia - Colombia - 1996-2010 _2LEMB |
| 650 | 1 | 7 |
_aViolencia - Colombia - 1996-2010 _2LEMB |
| 700 | 1 |
_aRobledo, Álvaro _etraducción |
|
| 942 |
_2ddc _n0 _cBK |
||
| 999 |
_c107322 _d107322 |
||